| 000 | 00642cam a2200217 4500500 | ||
|---|---|---|---|
| 005 | 20260405003037.0 | ||
| 041 | _afre | ||
| 042 | _adc | ||
| 100 | 1 | 0 |
_aHytte, Naomi _eauthor |
| 245 | 0 | 0 | _aQu’est-ce qu’une plante ? Essai sur la vie végétale |
| 260 | _c2020. | ||
| 500 | _a24 | ||
| 690 | _aAnimal | ||
| 690 | _aFlorence Burgat | ||
| 690 | _aPlante | ||
| 690 | _aSouffrance | ||
| 690 | _aVégétal | ||
| 690 | _aVivant | ||
| 786 | 0 | _nPhilosophie magazine | 138 | 4-5 | 2020-04-01 | p. 53-53 | 1951-1787 | |
| 856 | 4 | 1 | _uhttps://shs.cairn.info/magazine-philosophie-magazine-2020-4-5-page-53?lang=fr&redirect-ssocas=7080 |
| 999 |
_c2063849 _d2063849 |
||